00842nam a22002297a 45000010005000000030006000050050017000110080041000280200018000690400029000870500014001160820008001301000020001382450091001582600038002493000050002875050008003375200197003455210021005425210020005636500029005835516FISKH20241216115138.0241216b cb ||||| |||| 00| 0 eng d a9780545615440 aFISKHbengcFISKHdFISKH aDS747.C47 a931 aO'Connor, Jane  aThe emperor's silent army :bterracotta warriors of ancient China / cby Jane O'Connor aNew York : bScholastic ;c2002 . a48 pages : bcolor illustrations ; c24 cm .  aZ  aDescribes the archaeological discovery of thousands of life-sized terracotta warrior statues in northern China in 1974, and discusses the emperor who had them created and placed near his tomb.8 a1040 bLexile 8 aZ bRaz-Plus  aarchaeologyvNon-fiction